La bauhaus : (Record no. 102866)

MARC details
000 -CABECERA
campo de control de longitud fija 00721nam a2200229 a 4500
005 - FECHA Y HORA DE LA ÚLTIMA TRANSACCIÓN
campo de control 20240828063732.0
008 - ELEMENTOS DE LONGITUD FIJA--INFORMACIÓN GENERAL
campo de control de longitud fija 031105s2002 mx r 000 0 spa d
020 ## - NÚMERO INTERNACIONAL NORMALIZADO PARA LIBROS
Número Internacional Estándar del Libro 8449312280
035 ## - NÚMERO DE CONTROL DEL SISTEMA
Número de control de sistema UPN01000130709
049 ## - COLECCIÓN
Colección CG
050 #4 - SIGNATURA TOPOGRÁFICA DE LA BIBLIOTECA DEL CONGRESO
Número de clasificación N332 G3.3
Número de documento/Ítem B4.34
100 1# - ASIENTO PRINCIPAL--NOMBRE PERSONAL
Nombre de persona Hochman, Elaine S.
245 13 - MENCIÓN DE TÍTULO
Título La bauhaus :
Resto del título crisol de la modernidad /
Mención de responsabilidad, etc. Elaine S. Hochman ; tr. de Ramón Ibero.
260 ## - PUBLICACIÓN, DISTRIBUCIÓN, ETC.
Lugar de publicación, distribución, etc. Barcelona, Esp. :
Nombre del editor, distribuidor, etc. Paidós,
Fecha de publicación, distribución, etc. 2002.
300 ## - DESCRIPCIÓN FÍSICA
Extensión 413 p. :
Otras características físicas il.
440 #0 - MENCIÓN DE SERIE/ASIENTO SECUNDARIO--TÍTULO
Título Paidós transiciones ;
Designación de volumen o secuencia 39
534 ## - NOTA SOBRE LA VERSIÓN ORIGINAL
Frase introductoria Traducción de:
Mención de título del original Bauhaus : crucible of modernism
610 24 - ASIENTO SECUNDARIO DE MATERIA - NOMBRE CORPORATIVO
Nombre de entidad corporativa o nombre de jurisdicción como elemento de entrada BAUHAUS -
Subdivisión general HISTORIA
9 (RLIN) 3388
650 #4 - ASIENTO SECUNDARIO DE MATERIA - TERMINO TEMATICO
Término de materia o nombre geográfico como elemento de entrada ARTE ALEMAN -
Subdivisión cronológica SIGLO XX
9 (RLIN) 2436
650 #0 - ASIENTO SECUNDARIO DE MATERIA - TERMINO TEMATICO
Término de materia o nombre geográfico como elemento de entrada Escuelas de arte
9 (RLIN) 19374
905 ## - TIPO DE MATERIAL
Tipo de material Libro
Holdings
Estado de retiro Estado de pérdida Fuente del sistema de clasificación o colocación Estado dañado No para préstamo Código de colección Localización permanente Ubicación/localización actual Ubicación en estantería Total de préstamos Clasificación Código de barras Fecha visto por última vez Número de copia Tipo de ítem Koha
    Library of Congress Classification     Colección General Bib. Gregorio Torres Quintero Bib. Gregorio Torres Quintero Planta baja 8 N332 G3.3 B4.34 211412 31/12/2020 1 Libro